Hombres e ideas: filosofía y educación
Guardat en:
| Autor principal: | |
|---|---|
| Format: | Llibre |
| Idioma: | espanyol |
| Publicat: |
Buenos Aires
Tekne
1996
|
| Col·lecció: | Colección Temas Filosóficos
|
| Matèries: | |
| Etiquetes: |
Afegir etiqueta
Sense etiquetes, Sigues el primer a etiquetar aquest registre!
|
MARC
| LEADER | 00000nam a2200000 a 4500 | ||
|---|---|---|---|
| 001 | UCP1325 | ||
| 003 | CL-VaPUC | ||
| 008 | 990409e19960000AG |||||||||||||||||spa|d | ||
| 082 | 0 | 4 | |a 370.1 |b PAR |2 21 |
| 100 | |a Parfait, Blanca H. |e autora |9 427305 | ||
| 245 | 1 | 0 | |a Hombres e ideas: filosofía y educación |
| 300 | |a 233 p | ||
| 942 | |c BK | ||
| 945 | |d 19990409 00:00:00 |a rbrito | ||
| 260 | |a Buenos Aires |b Tekne |c 1996 | ||
| 600 | 0 | 7 | |a AQUILES |2 CL-VaPUC |9 427306 |
| 600 | 0 | 7 | |a HECTOR |2 CL-VaPUC |9 427307 |
| 600 | 0 | 7 | |a ODISEO |2 CL-VaPUC |9 427308 |
| 600 | 0 | 7 | |a AGAMENON |2 CL-VaPUC |9 427309 |
| 600 | 0 | 7 | |a HESIODO |2 CL-VaPUC |9 334567 |
| 600 | 0 | |a Pericles |9 268847 | |
| 600 | 0 | |a Sócrates |9 266368 | |
| 650 | 0 | |a Filosofía de la educación |9 258384 | |
| 651 | 0 | |a Grecia |9 265314 | |
| 583 | |a last modification |c 19990409 00:00:00 |k Rodrigo Vera | ||
| 490 | 0 | |a Colección Temas Filosóficos | |
| 999 | |c 280014 |d 280012 | ||
| 952 | |0 0 |1 0 |4 0 |6 370_100000000000000_PAR_1996 |7 0 |8 A |9 319983 |a BIBEDU |b BIBEDU |d 2019-11-20 |i 3499561 |o 370.1 PAR 1996 |p 3499561 |r 2019-11-20 |w 2019-11-20 |y BK |k BME | ||